000 00380nam a2200145Ia 4500
008 200103s9999||||xx |||||||||||||| ||und||
040 _aIMU-MPC
082 _aColumn-34
100 _aEmbleton, William
245 0 _aReed's Heat and Heat Engines for Engineers, Vol. 3
250 _aVol. 3
260 _bThomas Reed Publications Ltd., London
_c1974
300 _a470
942 _cBK
999 _c7876
_d7876